La licitación pública (Registro nro. 930)

Detalles MARC
000 -LEADER
fixed length control field 01263 a2200205 4500
001 - CONTROL NUMBER
control field 22210
005 - DATE AND TIME OF LATEST TRANSACTION
control field 20260407155511.0
008 - FIXED-LENGTH DATA ELEMENTS--GENERAL INFORMATION
fixed length control field 260407a1977 arg spa d
003 - CONTROL NUMBER IDENTIFIER
control field AR-UNSa-BCEJYS
040 ## - CATALOGING SOURCE
Original cataloging agency AR-UNSa-BCEJYS
Language of cataloging spa
Transcribing agency AR-UNSa-BCEJYS
080 ## - UNIVERSAL DECIMAL CLASSIFICATION NUMBER
Universal Decimal Classification number 351.71
Common auxiliary subdivision Bienes públicos. Obras públicas. Impuestos (Contratación pública)
100 1# - MAIN ENTRY--PERSONAL NAME
Personal name Dromi, José Roberto
245 10 - TITLE STATEMENT
Title La licitación pública
264 #1 - PRODUCTION, PUBLICATION, DISTRIBUTION, MANUFACTURE, AND COPYRIGHT NOTICE
Place of production, publication, distribution, manufacture Buenos Aires :
Name of producer, publisher, distributor, manufacturer Astrea
Date of production, publication, distribution, manufacture, or copyright notice 1977
300 ## - PHYSICAL DESCRIPTION
Extent xl, 586 p.
Dimensions 23 cm.
505 ## - FORMATTED CONTENTS NOTE
Formatted contents note 1. Los contratos de la administración - 2. Procedimientos administrativo de contratación - 3. El procedimiento de la licitación pública - 4. Excepciones al procedimiento de la licitación pública - 5. Licitante y pliego de condiciones - 6. Llamado a licitación y publicidad - 7. Licitadores presupuestos de la oferta - 8. La oferta - 9. Adjudicación - 10. Régimen jurídico del procedimiento de contratación - 11. Vicios de la contratación administrativa - 12. Relación, situación, responsabilidad, fiscalización y protección jurídica en la licitación pública.
590 ## - LOCAL NOTE (RLIN)
Local note niveau_biblio:m niveau_hierar:0
856 41 - ELECTRONIC LOCATION AND ACCESS
Uniform Resource Identifier <a href="https://biblioeco.unsa.edu.ar/pmb/images/libros/La Licitaci?n P?blica.jpg">https://biblioeco.unsa.edu.ar/pmb/images/libros/La Licitaci?n P?blica.jpg</a>
Link text Imagen de portada
Electronic format type image/jpeg
942 ## - ADDED ENTRY ELEMENTS (KOHA)
Koha item type
Existencias
Withdrawn status Lost status Damaged status Not for loan Home library Current library Shelving location Date acquired Total checkouts Full call number Barcode Date last seen Price effective from Koha item type
        Biblioteca Prof. Eusebio Cleto del Rey Biblioteca Prof. Eusebio Cleto del Rey   07/04/2026   351.71 D786 L13271 07/04/2026 07/04/2026 Libro
        Biblioteca Prof. Eusebio Cleto del Rey Biblioteca Prof. Eusebio Cleto del Rey   07/04/2026   351.71 D786 L53332 07/04/2026 07/04/2026 Libro
        Biblioteca Prof. Eusebio Cleto del Rey Biblioteca Prof. Eusebio Cleto del Rey   07/04/2026   351.71 D786 L26779 07/04/2026 07/04/2026 Libro
        Biblioteca Prof. Eusebio Cleto del Rey Biblioteca Prof. Eusebio Cleto del Rey   07/04/2026   351.71 D786 L26525 07/04/2026 07/04/2026 Libro